书目信息 |
| 题名: |
数据库原理及其应用教程
|
|
| 作者: | 黄德才 编著 | |
| 分册: | ||
| 出版信息: | 北京 科学出版社 2006.07 |
|
| 页数: | 223页 | |
| 开本: | 24cm | |
| 丛书名: | ||
| 单 册: | ||
| 中图分类: | TP311.13 | |
| 科图分类: | ||
| 主题词: | 软件 | |
| 电子资源: | ||
| ISBN: | 7-03-017116-0 | |
| 000 | 00704 nam 000229 | |
| 001 | 0100001732 | |
| 005 | 20070901104344.98 | |
| 010 | @a7-03-017116-0@dCNY18.00 | |
| 100 | @a20070805d2006 em y0chiy0121 ea | |
| 101 | @achi | |
| 102 | @aCN@b110000 | |
| 105 | @ay z 000yy | |
| 200 | 10 | @a数据库原理及其应用教程@9shu ju ku yuan li ji qi ying yong jiao cheng@e学习指导.例题分析.习题解答与标准试题库@f黄德才编著@Fhuang de cai bian zhu |
| 210 | @a北京@c科学出版社@d2006.07 | |
| 215 | @a223页@d24cm | |
| 300 | @a新世纪高等学校计算机专业教材系列 | |
| 606 | @a软件 | |
| 690 | @aTP311.13@v4 | |
| 701 | 0 | @a黄德才@9huang de cai@4编著 |
| 801 | @aCN@c20070901 | |
| 901 | @a000003 | |
| 905 | @dTP311.13@eH8201 | |
| 数据库原理及其应用教程:学习指导.例题分析.习题解答与标准试题库/黄德才编著.-北京:科学出版社,2006.07 |
| 223页;24cm |
| 新世纪高等学校计算机专业教材系列 |
| ISBN 7-03-017116-0:CNY18.00 |
| ● |
| 相关链接 |
|
|
|
正题名:数据库原理及其应用教程
索取号:TP311.13/H8201
 
预约/预借
| 序号 | 登录号 | 条形码 | 馆藏地/架位号 | 状态 | 备注 |
| 1 | 643612 | 206436123 | 期刊室512/301自科库 70排2列3层/ [索取号:TP311.13/H8201] | 在馆 | |
| 2 | 643613 | 206436132 | 期刊室512/301自科库 70排2列3层/ [索取号:TP311.13/H8201] | 在馆 | |
| 3 | 643614 | 206436141 | 期刊室512/301自科库 70排2列3层/ [索取号:TP311.13/H8201] | 在馆 |